Statistiken für Große Seen Quiz

Klicken Sie hier um das Quiz zu spielen!

Allgemein

  • Dieses Quiz wurde 4.926 mal gespielt
  • Das Durchschnittsergebnis liegt bei 3 aus 5

Antworten auf der Karte

Die Antworten werden auf der Karte rot bzw. grün angezeigt, abhängig davon wie oft sie richtig erraten wurden.
 

Antwortstatistiken

See% Korrekt
Michigansee
89%
Eriesee
73%
Huronsee
56%
Oberer See
56%
Ontariosee
55%

Verteilung der Resultate

Perzentil nach korrekt beantworteten Fragen

Anzahl Personen mit jedem Resultat

Ihre Resultats-Entwicklung

Sie haben dieses Quiz noch nicht gespielt